Plano de Vitoria [ (Record no. 185986)

MARC details
000 -LEADER
campo de control de longitud fija 00998nem a2200229 i 4500
001 - NÚMERO DE CONTROL
campo de control 185986
003 - IDENTIFICADOR DE NÚMERO DE CONTROL
campo de control ES-MaACL
005 - FECHA Y HORA DE LA ÚLTIMA TRANSACCIÓN
campo de control 20250830195445.0
008 - DATOS DE LONGITUD FIJA--INFORMACIÓN GENERAL
campo de control de longitud fija 160901s1886 sp | | | ||spa d
130 0# - ENTRADA PRINCIPAL--TÍTULO UNIFORME
Título uniforme Vitoria (Álava).
Subencabezamiento de forma Planos de población.
Fecha de publicación/de la obra 1886.
9 (RLIN) 160673
245 10 - MENCIÓN DEL TÍTULO
Título Plano de Vitoria [
Medio Material cartográfico] /
Mención de responsabilidad, etc. por una Comisión de Oficiales del Cuerpo de E.M. del Ejército.
255 ## - DATOS MATEMÁTICOS CARTOGRÁFICOS
Mención de escala Escala 1:5.000.
260 ## - PUBLICACIÓN, DISTRIBUCIÓN, ETC.
Lugar de publicación, distribución, etc. [Madrid] :
Nombre del editor, distribuidor, etc. Publicado por el Deposito de la Guerra,
Fecha de publicación, distribución, etc. 1886.
300 ## - DESCRIPCIÓN FÍSICA
Extensión 1 plano ;
Dimensiones 74 x 61 cm.
530 ## - NOTA DISPONIBLE DE FORMULARIO FÍSICO ADICIONAL
Nota de formato físico adicional disponible Disponible en formato digital.
592 ## -
-- Orientado con flecha.- Relieve por curvas de nivel.- Las edificaciones sombreadas.
710 1# - ENTRADA AGREGADA--NOMBRE DE ENTIDAD CORPORATIVA
Nombre de entidad corporativa o nombre de jurisdicción como elemento de entrada España.
Unidad subordinada Depósito de la Guerra.
9 (RLIN) 167579
710 2# - ENTRADA AGREGADA--NOMBRE DE ENTIDAD CORPORATIVA
Nombre de entidad corporativa o nombre de jurisdicción como elemento de entrada Comisión de Oficiales del Cuerpo de Estado Mayor del Ejército (España)
9 (RLIN) 160630
852 ## - LOCALIZACIÓN
Ubicación ES-MaACL
Número de control de estantería G-6702
856 ## - LOCALIZACIÓN Y ACCESO ELECTRÓNICOS
Identificador Uniforme de Recursos <a href="http://bdh-rd.bne.es/viewer.vm?id=0000022102&page=1 ">http://bdh-rd.bne.es/viewer.vm?id=0000022102&page=1 </a>
Nota pública Biblioteca Digital Hispánica
Holdings
Estatus retirado Estado de pérdida Estado de daño No para préstamo Colección Biblioteca de origen Biblioteca actual Ubicación en estantería Fecha de adquisición Fuente de adquisición Total de préstamos Signatura topográfica completa Código de barras Visto por última vez Precio de reemplazo Tipo de ítem Koha
        Colección digital Biblioteca del Ateneo de Madrid Biblioteca del Ateneo de Madrid Depósito 2 01/09/2016     G-6702 1196079 23/02/2023 23/02/2023 Mapa